| 000 | 01099nac a22002531u 4500 | ||
|---|---|---|---|
| 008 | 090611t xxu||||| |||| 00| 0 eng d | ||
| 010 | _a96083161 | ||
| 020 | _a0030186838 | ||
| 082 |
_a332.6 _bREI |
||
| 100 |
_aReilly, Frank K. _96114 |
||
| 245 | 1 | 0 |
_aInvestment Analysis and Portfolio Management / _cFrank K. Reilly, Keith C. Brown. |
| 250 | _a5th ed. | ||
| 260 |
_aFort Worth, Tex. : _bDryden Press, _cc1997. |
||
| 300 |
_axxxi, 1090 p. : _bcol. ill. ; _c26 cm. |
||
| 440 | 4 |
_aThe Dryden Press series in finance _96115 |
|
| 504 | _aIncludes bibliographical references and indexes. | ||
| 650 | 0 |
_aInvestments. _96116 |
|
| 650 | 0 |
_aInvestment analysis. _96117 |
|
| 650 | 0 |
_aPortfolio management. _96118 |
|
| 700 | 1 |
_aBrown, Keith C. _96119 |
|
| 942 |
_cBB _k332.6 REI _2ddc |
||
| 999 |
_c5480 _d5480 |
||